000 01060nam a2200289 a 4500
001 000015086
003 DO-SdBNP
005 20260216120443.0
008 100201s2009 dr r 000 0 spa d
040 _aDO-SdBNP
_bspa
_cBNPHU
082 _a282.7293
_bS127v
100 1 _a Sáez , José Luis
_d1937-
_9620
245 1 3 _aEl vicario apostólico Santanchè /
_cJosé Luis Sáez, S.J.
260 _aSanto Domingo :
_bAmigo del hogar,
_c2009.
300 _a261 p. ;
_c23 cm.
490 1 _aHombres de la Iglesia
_v20
500 _aIncluye notas al pie de las páginas.
590 _aInventariado, 2018/ YL
600 1 0 _aSantaché de Acquasanta, Leopoldo Ángel,
_d1818-1883
_934161
610 2 0 _aIglesia Católica
_zRepública Dominicana
_xHistoria
_989022
610 2 0 _aIglesia Católica
_989023
610 2 0 _aIglesia Católica
_vArchivos
_zRepública Dominicana
_989024
650 7 _aFranciscanos
_zRepública Dominicana
_xHistoria
_9358
830 0 _aHombres de la Iglesia
_n20
_934164
910 _aValidado. Control de calidad. MFF
942 _2ddc
_cLBS1
999 _c14658
_d14658